000 01056nam a22002297a 4500
005 20110809123336.0
010 _aB-425147-148
020 _a9788174454386
_c950.00
035 _aB-425147-148
037 _bResearchco Book Centre
082 _a920
100 _aSharma, S.R.
_932195
245 _aA galaxy of Bharat ratans /
_cS.R. Sharma
260 _aNew Delhi
_bMohit Publications,
_c2008.
270 _a4675/21, Ansari Road
_bNew Delhi
_e110002
300 _aviii, 291 p.
_c22 cm (Hb)
500 _aIncludes index
942 _2ddc
_cEN
_h920
_mSHA
999 _c55069
_d55069